000 00602cam a2200205 a 4500
001 1120934
005 20240130030430.0
008 930514s1992 ce f000 0ceng
040 _aDLC
_cDLC
_dDLC
082 0 0 _a305.8.
_b20
_cSOM.
100 1 _aMuttucumaraswamy, V.
245 1 0 _aSome eminent Tamils :
_bwriters and other leading figures (19th to 20th centuries) /
_cV. Muttucumaraswamy.
250 _a1st.
260 _aColombo
_bDept. of Hindu Religions & Cultural Affairs,
_c1992.
300 _a174 p. ;
650 0 _aAuthors, Tamil
650 0 _aEducators
650 0 _aLitterateurs
942 _cL
999 _c229
_d229